| 000 | 00578nam a2200241Ia 4500 | ||
|---|---|---|---|
| 008 | 170203s9999 xx 000 0 und d | ||
| 020 | _a0-439468531 | ||
| 050 | _aFic | ||
| 050 | _bL427x | ||
| 100 | _aLayden, Joe. | ||
| 245 | _aXtreme sports : | ||
| 245 | _bfast track / | ||
| 245 | _cby Joe Layden. | ||
| 260 | _aNew York : | ||
| 260 | _bScholastic, | ||
| 260 | _c2002 | ||
| 300 | _a96 pages : | ||
| 300 | _bcolor illustrations : | ||
| 300 | _c20 cm. | ||
| 650 | _aAutomobile racing drivers. | ||
| 650 | _aAutomobile racing. | ||
| 650 | _aStock car racing. | ||
| 999 |
_c306652 _d306652 |
||